Statistics for U.S. State Quarters Picture Quiz #2

Click here to take the quiz!

General Stats

  • This quiz has been taken 20,346 times
    (10,654 since last reset)
  • The average score is 16 of 25

Answer Stats

Answer % Correct
Michigan
96%
Illinois
92%
Minnesota
87%
Indiana
83%
Massachusetts
83%
Hawaii
82%
Ohio
82%
Florida
81%
Georgia
79%
Virginia
77%
California
76%
Montana
73%
Missouri
71%
Maine
69%
Alaska
65%
Washington
62%
Wisconsin
60%
Oregon
59%
Kentucky
48%
Utah
47%
Mississippi
47%
North Dakota
45%
Alabama
33%
West Virginia
27%
Iowa
24%

Score Distribution

Percentile by Number Answered

Percent of People with Each Score

Your Score History

You have not taken this quiz since the last reset